ბათუმის შოთა რუსთაველის სახელმწიფო უნივერსიტეტის ბიბლიოთეკა

საბრძოლო თანამეგობრობა (ბიბ.ჩანაწერი № 49695)

000 -LEADER
fixed length control field 01159nam a2200241Ia 4500
001 - CONTROL NUMBER
control field 16629
003 - CONTROL NUMBER IDENTIFIER
control field GE_BSU
008 - FIXED-LENGTH DATA ELEMENTS--GENERAL INFORMATION
fixed length control field 181216s||||||||xx |||||||||||||| ||und||
040 ## - CATALOGING SOURCE
Transcribing agency GE_BSU
080 ## - UNIVERSAL DECIMAL CLASSIFICATION NUMBER
Universal Decimal Classification number 355.1(479.22)(09)
100 ## - MAIN ENTRY--PERSONAL NAME
Personal name მექვაბიშვილი, ვ.
245 ## - TITLE STATEMENT
Title საბრძოლო თანამეგობრობა
245 ## - TITLE STATEMENT
Remainder of title ნარკვევი წითელი არმიის ქართული ნაწილების შექმნის ისტორიიდან
245 ## - TITLE STATEMENT
Statement of responsibility, etc. რედ. მ.იაშვილი. მხ.დ.გრიგოლია
260 ## - PUBLICATION, DISTRIBUTION, ETC.
Place of publication, distribution, etc. თბილისი
260 ## - PUBLICATION, DISTRIBUTION, ETC.
Name of publisher, distributor, etc. საბჭ. საქართველო
260 ## - PUBLICATION, DISTRIBUTION, ETC.
Date of publication, distribution, etc. 1972
300 ## - PHYSICAL DESCRIPTION
Extent 127გვ. : ილ. 6 ფ. ილ. ; 20სმ.
653 ## - INDEX TERM--UNCONTROLLED
Uncontrolled term ნარკვევი წითელი არმიის ქართული ნაწილების შექმნის ისტორიიდან
653 ## - INDEX TERM--UNCONTROLLED
Uncontrolled term საბრძოლო თანამეგობრობა
653 ## - INDEX TERM--UNCONTROLLED
Uncontrolled term ქართული არმიის ისტორია
942 ## - ADDED ENTRY ELEMENTS (KOHA)
Koha item type წიგნი
ეგზემპლარები
Withdrawn status Lost status Damaged status Not for loan Date acquired Barcode Date last seen Price effective from Koha item type
        2018-12-17 41236 2018-12-17 2018-12-17 წიგნი